[Event "FRA-ch U16"]
[Site "Montlucon"]
[Date "2011.04.18"]
[Round "3"]
[White "Ringuet, Noe"]
[Black "Cain Rossow, William"]
[Result "1-0"]
[WhiteElo "2016"]
[BlackElo "1747"]
[PlyCount "73"]
[EventDate "2011.04.17"]
[EventType "swiss"]
[EventRounds "9"]
[EventCountry "FRA"]
[SourceTitle "CBM 142 Extra"]
[Source "ChessBase"]
[SourceDate "2011.06.27"]
[SourceVersion "1"]
[SourceVersionDate "2011.06.27"]
[SourceQuality "1"]

1. e4 e6 2. d4 d5 3. Nd2 Nc6 4. Ngf3 Nf6 5. e5 Nd7 6. c3 f6 7. exf6 Qxf6 8. Bb5 Bd6 9. 0-0 0-0 10. Qc2 e5 11. Qb3 Nb6 12. Ne4 Qg6 13. Nxd6 cxd6 14. Kh1 e4 15. Ng1 Ne7 16. a4 Be6 17. a5 Nbc8 18. Be2 Nf5 19. Qxb7 Nce7 20. Bf4 Rfb8 21. Qc7 Bc8 22. a6 Rb6 23. g4 Qe8 24. gxf5 Nxf5 25. Bg4 Rc6 26. Qa5 Ne7 27. Bxc8 Raxc8 28. Bg5 Kh8 29. Bxe7 Qxe7 30. Qxd5 Qh4 31. Rae1 Rxa6 32. Qxe4 Qd8 33. Qe7 Qg8 34. Qe6 Qf8 35. Re3 Rb6 36. Rfe1 Rbb8 37. Nf3 1-0

[Event "FRA-chT U20 0809"]
[Site "Sautron"]
[Date "2009.01.04"]
[Round "7.2"]
[White "Manoeuvre, Antoine"]
[Black "Cain Rossow, William"]
[Result "1-0"]
[WhiteElo "2111"]
[BlackElo "1702"]
[PlyCount "55"]
[EventDate "2008.10.??"]
[EventType "team-tourn"]
[EventRounds "11"]
[EventCountry "FRA"]
[SourceTitle "EXT 2010"]
[Source "ChessBase"]
[SourceDate "2010.11.25"]
[SourceVersion "1"]
[SourceVersionDate "2010.11.25"]
[SourceQuality "1"]

1. d4 Nf6 2. c4 g6 3. Nc3 d5 4. cxd5 Nxd5 5. e4 Nxc3 6. bxc3 Bg7 7. Nf3 0-0 8. Be2 c5 9. Rb1 cxd4 10. cxd4 b6 11. 0-0 Bb7 12. Qd3 Nd7 13. Ba3 Nf6 14. d5 Re8 15. Qe3 Nd7 16. Rfd1 Rc8 17. Qf4 Qc7 18. Qxc7 Rxc7 19. Bb5 a6 20. d6 exd6 21. Bxd6 axb5 22. Bxc7 Nc5 23. Rxb5 Na4 24. Rd8 Rxd8 25. Bxd8 h5 26. Bxb6 Bxe4 27. Be3 Nc3 28. Rb8+ 1-0